000 01586nam2a2200289 4500
001 RU\NLR\BIBL_A\022180058
005 20250625151350.0
035 _a(NLR Aleph) 022180058
090 _a12978948
_c12978948
100 _a20240326d1914 |||y0rusy50 ca
101 0 _arus
102 _aRU
105 _aa z 000zd
200 1 _aМонеты Фоки и Ираклия
_dLes monnaies de Focas et d'Hèraclius
_zfre
210 _d1914
_aБ. м.
215 _aС. 593-720, л. 43-52
_cил.
461 0 _1001v19\rc\1936386
_12001#$aВизантийския монеты$dMonnaies Byzantines$fграф И. И. Толстой$zfre$vВып. 6
_1700#1$aТолстой$bИ. И.$cгос. деятель, нумизмат$f1858-1916$gИван Иванович$3RU\NLR\AUTH\7775856
_95956634
_aТолстой, И. И. (гос. деятель, нумизмат ; 1858-1916)
_cСанкт-Петербург
_d1912-1914
_fграф И. И. Толстой
_lMonnaies Byzantines
_nТоварищество Р. Голике и А. Вильборг
_tВизантийския монеты
_vВып. 6
510 1 _aLes monnaies de Focas et d'Hèraclius
_zfre
702 0 _4280
_7ca
_8rus
_aФока
_cимператор византийский
_fок. 547-610
_9266476
_3RU\NLR\AUTH\770266532
702 0 _4280
_aИраклий
_cимператор византийский
_dI
_fок.575-641
_9140021
_3RU\NLR\AUTH\770140056
852 _aNLR
_j18.34.2.12(6)
852 _aNLR
_j136/368(6)
852 _aNLR
_bМф
_jК-1/20707(6)
942 _cBOOK
980 _aNB